German Numbers - Statistics

General Stats
  • This quiz has been taken 39 times
    7 since last reset
  • The average score is 63 of 100
Answer Stats
Hint Answer % Correct
zwölf 12
100%
achtzehn 18
100%
zweiundzwanzig 22
100%
ein­und­fünfzig 51
100%
achtundsechzig 68
100%
dreiundachtzig 83
100%
zehn 10
80%
hudert 100
80%
elf 11
80%
siebzehn 17
80%
vierundzwanzig 24
80%
neunundzwanzig 29
80%
dreiunddreißig 33
80%
sechsunddreißig 36
80%
siebenunddreißig 37
80%
vier 4
80%
dreiundvierzig 43
80%
achtundvierzig 48
80%
neunundvierzig 49
80%
drei­und­fünfzig 53
80%
­­fünf­und­fünfzig 55
80%
acht­und­fünfzig 58
80%
einundsechzig 61
80%
siebenundsechzig 67
80%
einundsiebzig 71
80%
dreiundsiebzig 73
80%
­­fünfundsiebzig 75
80%
einundachtzig 81
80%
zweiundneunzig 92
80%
vierundneunzig 94
80%
­­fünfundneunzig 95
80%
neunundneunzig 99
80%
eins 1
60%
dreizehn 13
60%
vierzen 14
60%
zwanzig 20
60%
dreiundzwanzig 23
60%
fünfundzwanzig 25
60%
sechs­und­zwanzig 26
60%
siebenundzwanzig 27
60%
drei 3
60%
dreißig 30
60%
einunddreißig 31
60%
zweiunddreißig 32
60%
vierunddreißig 34
60%
fünfunddreißig 35
60%
neununddreißig 39
60%
vierzig 40
60%
einundvierzig 41
60%
vierundvierzig 44
60%
fünfundvierzig 45
60%
siebenundvierzig 47
60%
fünf 5
60%
zwei­und­fünfzig 52
60%
vier­und­fünfzig 54
60%
sechs­und­fünfzig 56
60%
sieben­und­fünfzig 57
60%
neun­und­fünfzig 59
60%
sechs 6
60%
sechszig 60
60%
zweiundsechzig 62
60%
vierundsechzig 64
60%
­­fünfundsechzig 65
60%
sechsundsechzig 66
60%
neunundsechzig 69
60%
zweiundsiebzig 72
60%
vierundsiebzig 74
60%
sechsundsiebzig 76
60%
achtundsiebzig 78
60%
neunundsiebzig 79
60%
achtzig 80
60%
zweiundachtzig 82
60%
vierundachtzig 84
60%
sechsundachtzig 86
60%
siebenundachtzig 87
60%
neunundachtzig 89
60%
neun 9
60%
neunzig 90
60%
einundneunzig 91
60%
sechsundneunzig 96
60%
achtundneunzig 98
60%
fünfzehn 15
40%
sechzehn 16
40%
zwei 2
40%
einundzwanzig 21
40%
achtundzwanzig 28
40%
achtunddreißig 38
40%
zweiundvierzig 42
40%
sechsundvierzig 46
40%
fünfzig 50
40%
dreiundsechzig 63
40%
sieben 7
40%
siebzig 70
40%
acht 8
40%
­­fünfundachtzig 85
40%
achtundachtzig 88
40%
dreiundneunzig 93
40%
siebenundneunzig 97
40%
siebenundsiebzig 77
20%
neunzehn 29
0%
No matching quizzes found
Score Distribution
Percent of People with Each Score
Percentile by Number Answered
Your Score History
You have not taken this quiz since the last reset